000 01014nam a22002897a 4500
001 5409
003 FISKH
005 20241203152424.0
008 241203b cb ||||| |||| 00| 0 eng d
020 _a9780545264150
040 _aFISKH
_beng
_cFISKH
_dFISKH
050 _aPZ7.M992
082 _a813
100 _aMyers, Walter Dean
245 _aRiot /
_cby Walter Dean Myers
260 _aNew York :
_bScholastic ;
_c2009.
300 _a164 pages :
_billustrations , map ;
_c20 cm .
505 _aV
520 _aIn 1863, fifteen-year-old Claire, the daughter of an Irish mother and a black father, faces ugly truths and great danger when Irish immigrants, enraged by the Civil War and a federal draft, lash out against blacks and wealthy "swells" of New York City.
521 8 _a850
_bLexile estimate
521 8 _aV
_bRaz-Plus
650 _arace relations
_vFiction
650 _ayoung adult
_vFiction
700 _aNagin, Michael
_edesigner
942 _2ddc
_cBK
_n0
999 _c5409
_d5409